<?xml version="1.0" encoding="UTF-8"?>
<record
    xmlns:xsi="http://www.w3.org/2001/XMLSchema-instance"
    xsi:schemaLocation="http://www.loc.gov/MARC21/slim http://www.loc.gov/standards/marcxml/schema/MARC21slim.xsd"
    xmlns="http://www.loc.gov/MARC21/slim">

  <leader>04386cam a2200421 i 4500</leader>
  <datafield tag="952" ind1=" " ind2=" ">
    <subfield code="0">0</subfield>
    <subfield code="1">0</subfield>
    <subfield code="2">ddc</subfield>
    <subfield code="4">0</subfield>
    <subfield code="7">0</subfield>
    <subfield code="8">FOR</subfield>
    <subfield code="a">MES</subfield>
    <subfield code="b">MES</subfield>
    <subfield code="c">FOR </subfield>
    <subfield code="d">2022-01-10</subfield>
    <subfield code="e">41</subfield>
    <subfield code="g">405.00</subfield>
    <subfield code="l">15</subfield>
    <subfield code="m">22</subfield>
    <subfield code="o">363.258 DAL/F</subfield>
    <subfield code="p">41361</subfield>
    <subfield code="q">2026-06-15</subfield>
    <subfield code="r">2026-06-01 12:35:35</subfield>
    <subfield code="s">2026-06-01</subfield>
    <subfield code="v">405.00</subfield>
    <subfield code="w">2022-01-10</subfield>
    <subfield code="y">BK</subfield>
    <subfield code="z">GL51R3</subfield>
  </datafield>
  <datafield tag="999" ind1=" " ind2=" ">
    <subfield code="c">41408</subfield>
    <subfield code="d">41408</subfield>
  </datafield>
  <controlfield tag="001">18287576</controlfield>
  <controlfield tag="003">OSt</controlfield>
  <controlfield tag="005">20220106105023.0</controlfield>
  <controlfield tag="008">140902s2014    flua     b    001 0 eng  </controlfield>
  <datafield tag="010" ind1=" " ind2=" ">
    <subfield code="a">  2014027811</subfield>
  </datafield>
  <datafield tag="020" ind1=" " ind2=" ">
    <subfield code="a">9781466597983</subfield>
  </datafield>
  <datafield tag="040" ind1=" " ind2=" ">
    <subfield code="a">DLC</subfield>
    <subfield code="b">eng</subfield>
    <subfield code="c">DLC</subfield>
    <subfield code="e">rda</subfield>
    <subfield code="d">DLC</subfield>
  </datafield>
  <datafield tag="042" ind1=" " ind2=" ">
    <subfield code="a">pcc</subfield>
  </datafield>
  <datafield tag="050" ind1="0" ind2="0">
    <subfield code="a">HV6074</subfield>
    <subfield code="b">.D353 2014</subfield>
  </datafield>
  <datafield tag="082" ind1="0" ind2="0">
    <subfield code="a">363.258</subfield>
    <subfield code="2">23</subfield>
    <subfield code="b">DAL/F</subfield>
  </datafield>
  <datafield tag="084" ind1=" " ind2=" ">
    <subfield code="a">LAW026000</subfield>
    <subfield code="a">LAW041000</subfield>
    <subfield code="2">bisacsh</subfield>
  </datafield>
  <datafield tag="100" ind1="1" ind2=" ">
    <subfield code="a">Daluz, Hillary Moses</subfield>
    <subfield code="9">8961</subfield>
  </datafield>
  <datafield tag="245" ind1="1" ind2="0">
    <subfield code="a">Fundamentals of fingerprint analysis /</subfield>
    <subfield code="c">Hillary Moses Daluz.</subfield>
  </datafield>
  <datafield tag="264" ind1=" " ind2="1">
    <subfield code="a">Boca Raton, FL :</subfield>
    <subfield code="b">CRC Press,</subfield>
    <subfield code="c">2014.</subfield>
  </datafield>
  <datafield tag="300" ind1=" " ind2=" ">
    <subfield code="a">xix, 312 pages :</subfield>
    <subfield code="b">color illustrations ;</subfield>
    <subfield code="c">26 cm</subfield>
  </datafield>
  <datafield tag="336" ind1=" " ind2=" ">
    <subfield code="a">text</subfield>
    <subfield code="2">rdacontent</subfield>
  </datafield>
  <datafield tag="337" ind1=" " ind2=" ">
    <subfield code="a">unmediated</subfield>
    <subfield code="2">rdamedia</subfield>
  </datafield>
  <datafield tag="338" ind1=" " ind2=" ">
    <subfield code="a">volume</subfield>
    <subfield code="2">rdacarrier</subfield>
  </datafield>
  <datafield tag="504" ind1=" " ind2=" ">
    <subfield code="a">Includes bibliographical references and index.</subfield>
  </datafield>
  <datafield tag="504" ind1=" " ind2=" ">
    <subfield code="a">Includes bibliographical references and index.</subfield>
  </datafield>
  <datafield tag="520" ind1=" " ind2=" ">
    <subfield code="a">"The "CSI effect" has brought an explosion of interest in the forensic sciences, leading to the development of new programs in universities across the world. While dozens of professional texts on the science of fingerprint analysis are available, few are designed specifically for students. An essential learning tool for classes in fingerprinting and impression evidence, Fundamentals of Fingerprint Analysis takes students from an understanding of the historical background of fingerprint evidence to seeing how it plays out in a present-day courtroom. Using a pedagogical format, with each chapter building on the previous one, the book is divided into three sections. The first explains the history and theory of fingerprint analysis, fingerprint patterns and classification, and the concept of biometrics--the practice of using unique biological measurements or features to identify individuals. The second section discusses forensic light sources and physical and chemical processing methods. Section Three covers fingerprint analysis with chapters on documentation, crime scene processing, fingerprint and palm print comparisons, and courtroom testimony. Designed for classroom use, each chapter contains key terms, learning objectives, a chapter summary, and review questions to test students' assimilation of the material. Ample diagrams, case studies, and photos demonstrate concepts in a way that prepares students for working actual cases. "--</subfield>
    <subfield code="c">Provided by publisher.</subfield>
  </datafield>
  <datafield tag="520" ind1=" " ind2=" ">
    <subfield code="a">"Preface Due to the "CSI effect", interest in the forensic sub-disciplines has burgeoned. Consequently, hundreds of forensic science programs have arisen in universities around the world over the past decade. While dozens of professional fingerprint texts are available few, if any, are intended for students. Fundamentals of Fingerprint Analysis incorporates not only professional topics and technologies, but also the background and basic science behind these subjects. A majority of forensic sub-disciplines utilize some form of fingerprint analysis. Understanding the fundamentals of fingerprint analysis prepares the student for a career in the forensic sciences. Wherever possible, the most current research and advances in the science of fingerprint analysis are presented. This text is therefore also applicable to criminal justice professionals, attorneys, and laypersons that want to learn more about forensics. The laboratory manual entitled Fingerprint Analysis Laboratory Workbook is intended to accompany and enhance the topics addressed in the textbook. The book chapters align with the laboratory exercises. The laboratory exercises, introductory material, and post lab questions give students hands-on experience and supplemental information. Hands-on exercises enhance comprehension and enjoyment. "--</subfield>
    <subfield code="c">Provided by publisher.</subfield>
  </datafield>
  <datafield tag="650" ind1=" " ind2="0">
    <subfield code="a">Fingerprints.</subfield>
  </datafield>
  <datafield tag="650" ind1=" " ind2="0">
    <subfield code="a">Fingerprints</subfield>
    <subfield code="x">Identification.</subfield>
  </datafield>
  <datafield tag="650" ind1=" " ind2="0">
    <subfield code="a">Forensic sciences.</subfield>
  </datafield>
  <datafield tag="650" ind1=" " ind2="0">
    <subfield code="a">Criminal investigation.</subfield>
  </datafield>
  <datafield tag="650" ind1=" " ind2="7">
    <subfield code="a">LAW / Criminal Law / General.</subfield>
    <subfield code="2">bisacsh</subfield>
  </datafield>
  <datafield tag="650" ind1=" " ind2="7">
    <subfield code="a">LAW / Forensic Science.</subfield>
    <subfield code="2">bisacsh</subfield>
  </datafield>
  <datafield tag="856" ind1="4" ind2="2">
    <subfield code="3">Cover image</subfield>
    <subfield code="u">http://images.tandf.co.uk/common/jackets/websmall/978146659/9781466597976.jpg</subfield>
  </datafield>
  <datafield tag="906" ind1=" " ind2=" ">
    <subfield code="a">7</subfield>
    <subfield code="b">cbc</subfield>
    <subfield code="c">orignew</subfield>
    <subfield code="d">1</subfield>
    <subfield code="e">ecip</subfield>
    <subfield code="f">20</subfield>
    <subfield code="g">y-gencatlg</subfield>
  </datafield>
  <datafield tag="942" ind1=" " ind2=" ">
    <subfield code="2">ddc</subfield>
    <subfield code="c">BK</subfield>
    <subfield code="h">363.258</subfield>
    <subfield code="i">DAL/F</subfield>
    <subfield code="k">363.258</subfield>
    <subfield code="m">DAL/F</subfield>
  </datafield>
</record>
